Nature-inspired Algorithms for Optimisation / (Record no. 17138)

MARC details
000 -LEADER
fixed length control field 01232cam a22003257a 4500
001 - CONTROL NUMBER
control field 15580324
005 - DATE AND TIME OF LATEST TRANSACTION
control field 20240818092944.0
008 - FIXED-LENGTH DATA ELEMENTS--GENERAL INFORMATION
fixed length control field 090109s2009 gw a b 001 0 eng d
020 ## - INTERNATIONAL STANDARD BOOK NUMBER
International Standard Book Number 9783642002663
082 ## - DEWEY DECIMAL CLASSIFICATION NUMBER
Edition number 22
Classification number 510
Item number NAT
245 00 - TITLE STATEMENT
Title Nature-inspired Algorithms for Optimisation /
Statement of responsibility, etc Raymond Chiong, ed.
260 ## -
-- Berlin :
-- Springer Verlag,
-- c2009.
300 ## - PHYSICAL DESCRIPTION
Extent xvii, 514 p. :
Other physical details ill. ;
Dimensions 24 cm.
336 ## - CONTENT TYPE
Source rdacontent
Content type term text
Content type code txt
337 ## - MEDIA TYPE
Media type term unmediated
Source rdamedia
Media type code n
338 ## - CARRIER TYPE
Carrier type term volume
Carrier type code nc
Source rdacarrier
490 1# - SERIES STATEMENT
Series statement Studies in computational intelligence ;
Volume number/sequential designation 193
504 ## - BIBLIOGRAPHY, ETC. NOTE
Bibliography, etc Includes bibliographical references and index.
650 #0 - SUBJECT ADDED ENTRY--TOPICAL TERM
Topical term or geographic name as entry element Evolutionary computation.
9 (RLIN) 31695
650 #4 - SUBJECT ADDED ENTRY--TOPICAL TERM
Topical term or geographic name as entry element Stochastische Optimierung
General subdivision Metaheuristik
-- Evolutionarer Algorithmus
-- Mehrkriterielle Optimierung.
9 (RLIN) 31696
650 07 - SUBJECT ADDED ENTRY--TOPICAL TERM
Topical term or geographic name as entry element Evolutionarer Algorithmus.
Source of heading or term swd
9 (RLIN) 31697
650 07 - SUBJECT ADDED ENTRY--TOPICAL TERM
Topical term or geographic name as entry element Mehrkriterielle Optimierung.
Source of heading or term swd
9 (RLIN) 31698
650 07 - SUBJECT ADDED ENTRY--TOPICAL TERM
Topical term or geographic name as entry element Metaheuristik.
Source of heading or term swd
9 (RLIN) 31699
650 07 - SUBJECT ADDED ENTRY--TOPICAL TERM
Topical term or geographic name as entry element Stochastische Optimierung.
Source of heading or term swd
9 (RLIN) 31700
653 ## - INDEX TERM--UNCONTROLLED
Resource For college
Arrived date list December2012
650 #0 - SUBJECT ADDED ENTRY--TOPICAL TERM
9 (RLIN) 5401
Topical term or geographic name as entry element Swarm intelligence
650 #0 - SUBJECT ADDED ENTRY--TOPICAL TERM
9 (RLIN) 5780
Topical term or geographic name as entry element Computational intelligence
700 1# - ADDED ENTRY--PERSONAL NAME
Personal name Chiong, Raymond,
Dates associated with a name 1979-
9 (RLIN) 31701
942 ## - ADDED ENTRY ELEMENTS (KOHA)
Source of classification or shelving scheme Dewey Decimal Classification
Koha item type Book - Borrowing
Classification part RDA-MOD
Holdings
Withdrawn status Lost status Source of classification or shelving scheme Damaged status Not for loan Collection code Home library Current library Shelving location Date acquired Source of acquisition Cost, normal purchase price Serial Enumeration / chronology Total Checkouts Full call number Barcode Checked out Date last seen Date checked out Price effective from Koha item type
    Dewey Decimal Classification     Baccah Central Library Central Library First floor 13/12/2012   1614.00 16606 2 510 NAT 000027878 09/03/2024 07/02/2024 07/02/2024 13/12/2012 Book - Borrowing